| 000 | 00636nam a22001577a 4500 | ||
|---|---|---|---|
| 008 | 120124t xxu||||| |||| 00| 0 eng d | ||
| 020 | _a136094201 | ||
| 050 | _aHB601.S38 | ||
| 100 | _aSchultze, Charles L. | ||
| 245 |
_aNational income analysis / _cCharles, L. Schultze. |
||
| 260 |
_aNew Jersey: _bPrentice- Hall. _c1971. |
||
| 300 |
_aviii,162 p.: _bill.; _c23cm |
||
| 505 | _aContents: Introduction -- National output and income -- The Determinants of gross national product -- Investment -- Money, prices and inflation -- Economic growth in the United States. | ||
| 650 |
_aGross national product _z United States. |
||
| 942 |
_2lcc _cBK |
||
| 999 |
_c454 _d7954 |
||